00522nam a2200193Ia 4500008004100000100002200041245007700063260001100140300002000151440001500171521000700186650001900193650001800212650001400230650002000244650003100264650001500295650001800310140626s9999 xx 000 0 und d aShin, Cheong Kah. aSocial media and e-engagement :b the Singapore case /cCheong Kah Shin. cc2013. a40 : 1, page 21 aMedia Asia aMC aCommunication. aE-engagement. aInternet. aMedia research. aPromotional communication. aSingapore. aSocial media.